| 000 | 00533nam a2200181 a 4500 | ||
|---|---|---|---|
| 003 | MX-MxUPN | ||
| 005 | 20250702083147.0 | ||
| 008 | 250702s2005 fr||||||r|||| 000 0 spa d | ||
| 040 |
_aMX-MxUPN _bspa _cMX-MxUPN |
||
| 041 | 0 | _aspa | |
| 050 | 1 | 4 |
_aCC135 _bC377 2005 |
| 245 | 0 | 0 | _aCarpeta de información sobre el patrimonio mundial |
| 260 |
_aFrance : _bCentro del Patrimonio Mundial de la Unesco, _c2005. |
||
| 300 | _a[28] páginas | ||
| 650 | 4 |
_aPatrimonio cultural _919284 |
|
| 902 | _aVíctor Ruiz/020725 | ||
| 942 |
_2lcc _cFOLL |
||
| 999 |
_c213616 _d213616 |
||